000 00523nam a2200193 4500
005 20241021103647.0
008 241021b |||||||| |||| 00| 0 eng d
020 _aX
_c[n.p.]
040 _aMAIN
082 _a381
_bK527C
100 _aKhasa, Garima
245 _aComparative evaluation of financial performance of public and private sector banks in India
260 _bDept. of Commerce, M D University, Rohtak
_c2018
300 _a174
650 _aCommerce
700 _aTilak Raj
942 _cTH
999 _c357719
_d357719